Dissociation constants of organic bases in aqueous solution / (Record no. 11281)
[ view plain ]
| 000 -LEADER | |
|---|---|
| fixed length control field | 01162cam a22003131 4500 |
| 001 - CONTROL NUMBER | |
| control field | 11281 |
| 003 - CONTROL NUMBER IDENTIFIER | |
| rucl marc code | BD-RjUL |
| 005 - DATE AND TIME OF LATEST TRANSACTION | |
| control field | 20211208235111.0 |
| 008 - FIXED-LENGTH DATA ELEMENTS--GENERAL INFORMATION | |
| fixed length control field | 140126s1965 xx 001 0 eng |
| 035 ## - SYSTEM CONTROL NUMBER | |
| System control number | (BD-RjUL)11330 |
| System control number | (OCoLC)766023 |
| 040 ## - CATALOGING SOURCE | |
| Original cataloging agency | DLC |
| Transcribing agency | OTU |
| Modifying agency | OCoLC |
| -- | Uk |
| -- | DLC |
| -- | BD-RjUL |
| Language of cataloging | eng |
| 041 ## - LANGUAGE CODE | |
| Language code of text/sound track or separate title | eng |
| 082 ## - DEWEY DECIMAL CLASSIFICATION NUMBER | |
| Classification number | 547.134 |
| Author mark and year | PED 1965 |
| 100 1# - MAIN ENTRY--PERSONAL NAME | |
| Personal name | Perrin, D. D. |
| Fuller form of name | (Douglas Dalzell), |
| Dates associated with a name | 1922- |
| 9 (RLIN) | 34904 |
| 245 10 - TITLE STATEMENT | |
| Title | Dissociation constants of organic bases in aqueous solution / |
| Statement of responsibility, etc. | [by] D. D. Perrin. |
| 260 ## - PUBLICATION, DISTRIBUTION, ETC. (IMPRINT) | |
| Place of publication, distribution, etc. | London : |
| Name of publisher, distributor, etc. | Butterworths, |
| Date of publication, distribution, etc. | c1965. |
| 300 ## - PHYSICAL DESCRIPTION | |
| Pagination | vii, 473, xlii p. ; |
| Size | 26 cm. |
| 500 ## - GENERAL NOTE | |
| General note | At head of title: International Union of Pure and Applied Chemistry, Analytical Chemistry Division, Commission on Electroanalytical Chemistry. |
| General note | "Published as a supplement to Pure and applied chemistry." |
| 504 ## - BIBLIOGRAPHY, ETC. NOTE | |
| Bibliography, etc | Bibliography: p. 452-473 & Includes Index. |
| 650 #0 - SUBJECT ADDED ENTRY--TOPICAL TERM | |
| Topical term or geographic name as entry element | Dissociation. |
| 9 (RLIN) | 30702 |
| Topical term or geographic name as entry element | Chemistry, Organic |
| General subdivision | Tables. |
| 9 (RLIN) | 34905 |
| Topical term or geographic name as entry element | Electrochemistry |
| 9 (RLIN) | 34906 |
| 942 ## - ADDED ENTRY ELEMENTS (KOHA) | |
| Source of classification or shelving scheme | Dewey Decimal Classification |
| Koha item type | Books |
| Lost status | Source of classification or shelving scheme | Damaged status | Not for loan | Collection code | Permanent Location | Current Location | Shelving location | Date acquired | Source of acquisition | Cost, normal purchase price | Total Checkouts | Full call number | Date last seen | Copy number | Koha item type |
|---|---|---|---|---|---|---|---|---|---|---|---|---|---|---|---|
| Dewey Decimal Classification | Not For Loan | Non-fiction | Central Library, University of Rajshahi | Central Library, University of Rajshahi | Reading Room | 20/03/1974 | Britain | 0.00 | 547.134 PED 1965 | 26/01/2014 | C-1 | Books |